| 000 | 00347nam a22001337a 4500 | ||
|---|---|---|---|
| 008 | 230623b xxu||||| |||| 00| 0 eng d | ||
| 020 | _a9966900543 | ||
| 082 |
_a330. _bKUS 1998 |
||
| 245 | _aTax Reform and Revenue Productivity in Ghana | ||
| 260 |
_bAfrican Economic Research Consortium _c1998 |
||
| 300 | _a59p | ||
| 440 | _n74 | ||
| 942 |
_2ddc _cBK |
||
| 999 |
_c2411 _d2411 |
||